00810nam a2200241Ia 4500001000600000003000900006008004100015040001300056040001300069041001300082100001100095100002900106245008800135245008700223250001100310260001100321260001200332260004900344300004300393500007700436650002400513650003100537 9645IT-RoPAU130308s9999 xx 000 0 und d aIT-RoPAU cIT-RoPAU aITALIANO aAA.VV. gCodice Aut. SPICS: 12000 aMaterialità€ del testo (La)-Ricerca interdisciplinare sulle pratiche significanti bMaterialita' del testo (La)-Ricerca interdisciplinare Sulle Pratiche Significanti a1a ed. aVERONA bBertani c1977 [1° Ed.:1977 - Ed.Ling.Originale:1977] a"268 p. (prefazione: no ; testo: 268)" aContributi di un Seminario Tenuto a Siena nell'Anno Accademico 1974 1975 aSAGGI DI SEMIOLOGIA eCodice materia Spics: 3257